Tối ưu hoá việc tạo màng bao chitosan – polyvinyl alcohol và calcium gluconate, ứng dụng trong bảo quản quả vỏ mỏng : Báo cáo tổng kết đề tài Nghiên cứu Khoa học cấp Trường

שמור ב:
מידע ביבליוגרפי
פורמט: Đề tài khoa học
שפה:Undetermined
יצא לאור: Trường Đại học Công nghiệp TP. Hồ Chí Minh 2023
נושאים:
תגים: הוספת תג
אין תגיות, היה/י הראשונ/ה לתייג את הרשומה!
Thư viện lưu trữ: Trung tâm Thư viện - Trường Đại học Công nghiệp TP. Hồ Chí Minh
LEADER 00675nam a2200133Ia 4500
001 UIH_00914
008 230809s9999 xx 000 0 und d
082 |a 664.8 
245 0 |a Tối ưu hoá việc tạo màng bao chitosan – polyvinyl alcohol và calcium gluconate, ứng dụng trong bảo quản quả vỏ mỏng : Báo cáo tổng kết đề tài Nghiên cứu Khoa học cấp Trường 
260 |b Trường Đại học Công nghiệp TP. Hồ Chí Minh 
260 |c 2023 
650 |a Thực phẩm; 
927 |a Đề tài khoa học 
980 |a Trung tâm Thư viện - Trường Đại học Công nghiệp TP. Hồ Chí Minh